Anglais voc difficile C - Statistiques

Statistiques générales
  • Ce quiz a été pris 100 fois
  • Le résultat moyen est 5 sur 45
Statistiques - réponses
Français Anglais % Correct
annuler cancel
91%
obliger compel
57%
crise crisis
50%
tromper cheat
36%
actuel current
34%
pourchasser chase
28%
obligatoire compulsory/mandatory
22%
citer cite
20%
soigner cure
19%
calin cuddle
16%
prudent cautious
14%
coupable culprit
14%
devoir/corvé chore
13%
plainte complaint
13%
victime/perte casualty
11%
récolte crop/harvest
10%
jeter/lancer cast
9%
affirmer claim
8%
poursuivre carry on
7%
joyeux cheerful
6%
dissimuler conceal
6%
mener à bien carry out
5%
s'effondrer crumble
5%
rencontrer come across
3%
se conformer à comply (with)
3%
société corporation
3%
astucieux cunning/shrewd
3%
grossier coarse
2%
attentif considerate
2%
flagrant conspicuous
2%
réduire cut down
2%
stimulant challenging
1%
accuser charge (with)
1%
contourner circumvent
1%
entrer en conflit collide
1%
marchandises commodities
1%
régulier consistent (with)
1%
réconforter console
1%
mépriser contempt
1%
affronter cope (with)
1%
essentiel core
1%
réduire cut back
1%
abandonner cut out
1%
complet thorough
1%
s'engager commit (oneself to +ING)
0%
Aucun quiz correspondant
Distribution des résultats
% des personnes avec chaque résultat
Percentile par nombre de réponses
Votre historique - résultats
Vous n’avez pas pris ce quiz